00573 2200169 4500245007500000020002200075250001100097100001600108700002300124005001900147260004200166041001400208084001100222300002200233500013900255336000900394 aThe Chronicles of Narnia b : Pertempuran TerakhircLewis, C. ShText a978-979-22-1777-3 aCet. 7 aLewis, C. S aIndah S. Praditina a20231002081115 aJakartabGramedia Pustaka Utamac2010 aIndonesia a808.83 a280 hlm. :c18 cm aPada hari hari terakhir narnia tanah itu menghadapi tantangan terbesarnya bukan dari kekuatan asing diluar melainkan musuh dari dalam. atext